[Event "Santa Cruz op 4th"]
[Site "Santa Cruz"]
[Date "2024.07.18"]
[Round "2"]
[White "Iporre Escobar, Sergio"]
[Black "Martinez, Ariel A"]
[Result "0-1"]
[WhiteElo "1655"]
[BlackElo "2129"]
[PlyCount "72"]
[EventDate "2024.07.18"]
[EventType "swiss"]
[EventRounds "7"]
[EventCountry "BOL"]
[SourceTitle "EXT 2025"]
[Source "ChessBase"]
[SourceDate "2024.10.14"]
[SourceVersion "1"]
[SourceVersionDate "2024.10.14"]
[SourceQuality "1"]

1. e4 c5 2. Nc3 d6 3. Bc4 Nc6 4. f4 Nf6 5. Nf3 e6 6. 0-0 Nxe4 7. Nxe4 d5 8. Bxd5 exd5 9. Ng3 Be7 10. d3 0-0 11. Ne5 f5 12. Re1 Nxe5 13. Rxe5 Bf6 14. Re2 g6 15. Qe1 Bd7 16. Rb1 Qc7 17. Be3 Rae8 18. c3 b6 19. Qf2 Bb5 20. Rd1 Qb7 21. Qf3 Qd7 22. Bc1 d4 23. c4 Bc6 24. Qf2 Rxe2 25. Nxe2 Re8 26. Re1 Qb7 27. h4 b5 28. b3 bxc4 29. bxc4 Qb1 30. Ba3 Qxd3 31. Bxc5 Qxc4 32. Bxa7 Qd5 33. Kf1 d3 34. Ng1 Rxe1+ 35. Kxe1 Qa5+ 36. Kf1 d2 0-1

[Event "Santa Cruz op 4th"]
[Site "Santa Cruz"]
[Date "2024.07.18"]
[Round "1"]
[White "Martinez, Ariel A"]
[Black "Rivas Ramos, Ivan"]
[Result "1-0"]
[WhiteElo "2129"]
[BlackElo "1463"]
[PlyCount "59"]
[EventDate "2024.07.18"]
[EventType "swiss"]
[EventRounds "7"]
[EventCountry "BOL"]
[SourceTitle "EXT 2025"]
[Source "ChessBase"]
[SourceDate "2024.10.14"]
[SourceVersion "1"]
[SourceVersionDate "2024.10.14"]
[SourceQuality "1"]

1. e4 d5 2. exd5 Qxd5 3. Nc3 Qa5 4. d4 Bf5 5. Bc4 c6 6. Nf3 Nf6 7. 0-0 e6 8. Re1 Be7 9. Ne5 Nbd7 10. Bb3 0-0 11. g4 Bg6 12. g5 Nxe5 13. gxf6 Bxf6 14. dxe5 Bxe5 15. Qf3 Qc7 16. h3 b5 17. a4 b4 18. Nd1 Rad8 19. Ne3 Rd4 20. Ng4 Bf4 21. c3 Bxc1 22. cxd4 Bxb2 23. Rad1 Bc3 24. Re5 Bf5 25. Rc5 a5 26. Rxc6 Qa7 27. Ne3 Bg6 28. d5 exd5 29. Nxd5 Rd8 30. Nxc3 1-0

[Event "BOL-ch"]
[Site "Oruro"]
[Date "2024.04.07"]
[Round "9"]
[White "Ticona Rocabado, Licael Roderick"]
[Black "Martinez, Ariel A"]
[Result "1-0"]
[WhiteElo "2377"]
[BlackElo "2142"]
[PlyCount "113"]
[EventDate "2024.04.02"]
[EventType "tourn"]
[EventRounds "9"]
[EventCountry "BOL"]
[SourceTitle "CBM 219 Extra"]
[Source "ChessBase"]
[SourceDate "2024.05.31"]
[SourceVersion "1"]
[SourceVersionDate "2024.05.31"]
[SourceQuality "1"]

1. d4 Nf6 2. c4 g6 3. Nc3 d5 4. cxd5 Nxd5 5. Nf3 Bg7 6. e4 Nxc3 7. bxc3 c5 8. Be3 Nc6 9. Qd2 cxd4 10. cxd4 0-0 11. h3 b6 12. Rc1 Bb7 13. Bb5 Rc8 14. 0-0 a6 15. Bxc6 Rxc6 16. Rxc6 Bxc6 17. d5 Bb7 18. Bh6 Qd6 19. Rc1 b5 20. Bf4 e5 21. Bh6 f6 22. Be3 Rc8 23. Rxc8+ Bxc8 24. Qc3 Bd7 25. Qa5 Bf8 26. Qd8 Kf7 27. Nd2 b4 28. Nc4 Qe7 29. Qc7 Ke8 30. Bb6 Bb5 31. Qc8+ Kf7 32. Na5 Qd7 33. Qa8 Qe8 34. Qa7+ Qd7 35. Nb7 Kg7 36. Qb8 Qe8 37. Nd8 Kg8 38. Qc8 Qd7 39. Qc1 Qd6 40. Nc6 f5 41. f3 fxe4 42. fxe4 Bd3 43. Qe3 Bb5 44. Nd8 Bh6 45. Qf2 Qf8 46. Nc6 Bd3 47. Qe1 Qf6 48. Bc7 Bf4 49. Nxb4 Bb5 50. d6 Qg5 51. Nd5 Bg3 52. Qd1 Kg7 53. Bb6 h5 54. Be3 Qd8 55. Nc7 Bd7 56. Qb3 h4 57. Qd1 1-0

[Event "BOL-ch"]
[Site "Oruro"]
[Date "2024.04.06"]
[Round "8"]
[White "Martinez, Ariel A"]
[Black "Zambrana, Oswaldo"]
[Result "0-1"]
[WhiteElo "2142"]
[BlackElo "2407"]
[PlyCount "96"]
[EventDate "2024.04.02"]
[EventType "tourn"]
[EventRounds "9"]
[EventCountry "BOL"]
[SourceTitle "CBM 219 Extra"]
[Source "ChessBase"]
[SourceDate "2024.05.31"]
[SourceVersion "1"]
[SourceVersionDate "2024.05.31"]
[SourceQuality "1"]

1. e4 c5 2. Nf3 Nc6 3. Bb5 g6 4. Bxc6 dxc6 5. d4 cxd4 6. Qxd4 Qxd4 7. Nxd4 e5 8. Nf3 f6 9. Be3 Be6 10. a3 Nh6 11. h3 Nf7 12. Nc3 Nd6 13. Nd2 Be7 14. f3 b6 15. Ne2 Kd7 16. 0-0-0 g5 17. g4 h5 18. Bf2 Rh7 19. Ng3 hxg4 20. hxg4 Rah8 21. Rxh7 Rxh7 22. Rh1 Rh4 23. Rxh4 gxh4 24. Ne2 h3 25. Bg3 Nf7 26. Bf2 Ng5 27. Ng3 c5 28. Ngf1 c4 29. c3 Kc6 30. Nh2 Bf7 31. Be3 Kb5 32. Kb1 Ne6 33. Ndf1 Nf4 34. Ng3 Bc5 35. Bxf4 exf4 36. Nh5 Bg1 37. Nf1 h2 38. Nxh2 Bxh2 39. Nxf6 Kc6 40. g5 Bg3 41. Kc1 Bh4 42. Kd2 Bxg5 43. Ng4 Kd6 44. Ke2 Ke6 45. Nh2 Be7 46. Nf1 Bc5 47. Nd2 Ke5 48. Nf1 b5 0-1

[Event "BOL-ch"]
[Site "Oruro"]
[Date "2024.04.03"]
[Round "2"]
[White "Martinez, Ariel A"]
[Black "Ribera, Miguel Angel"]
[Result "1/2-1/2"]
[WhiteElo "2142"]
[BlackElo "1953"]
[PlyCount "95"]
[EventDate "2024.04.02"]
[EventType "tourn"]
[EventRounds "9"]
[EventCountry "BOL"]
[SourceTitle "CBM 219 Extra"]
[Source "ChessBase"]
[SourceDate "2024.05.31"]
[SourceVersion "1"]
[SourceVersionDate "2024.05.31"]
[SourceQuality "1"]

1. e4 c5 2. Nf3 d6 3. d4 cxd4 4. Nxd4 Nf6 5. Nc3 a6 6. Bg5 e6 7. f4 h6 8. Bh4 Qb6 9. Qd2 Qxb2 10. Rb1 Qa3 11. e5 dxe5 12. fxe5 Nfd7 13. Ne4 Qxa2 14. Rd1 Qd5 15. Qe3 Bc5 16. Nxe6 Bb4+ 17. c3 Qxe6 18. Nd6+ Bxd6 19. Rxd6 Qg4 20. Bf6 Nxf6 21. exf6+ Be6 22. fxg7 Qxg7 23. Bc4 0-0 24. Bxe6 fxe6 25. Qxe6+ Kh8 26. Qe3 Kh7 27. Qe4+ Kh8 28. Qe3 Kh7 29. Qd3+ Kh8 30. Rg6 Qe5+ 31. Kd1 Qf4 32. Kc2 Nc6 33. Rf1 Qa4+ 34. Kb2 Qb5+ 35. Qxb5 axb5 36. Rxh6+ Kg7 37. Rxf8 Rxf8 38. Rh5 Rf2+ 39. Kb3 Rxg2 40. h4 Rg3 41. Kb2 Rg2+ 42. Ka3 Rg3 43. Kb2 Kf6 44. Rxb5 Nd8 45. Rd5 Ke7 46. h5 Nc6 47. Rb5 Nd8 48. Rd5 1/2-1/2

[Event "Sucre op 7th"]
[Site "Sucre"]
[Date "2023.12.09"]
[Round "5"]
[White "Bolanos, Fernando"]
[Black "Martinez, Ariel A"]
[Result "1/2-1/2"]
[WhiteElo "2244"]
[BlackElo "2144"]
[PlyCount "66"]
[EventDate "2023.12.07"]
[EventType "swiss"]
[EventRounds "7"]
[EventCountry "BOL"]
[SourceTitle "CBM 217 Extra"]
[Source "ChessBase"]
[SourceDate "2024.01.31"]
[SourceVersion "1"]
[SourceVersionDate "2024.01.31"]
[SourceQuality "1"]

1. e4 c5 2. Nf3 d6 3. d4 cxd4 4. Nxd4 Nf6 5. Nc3 g6 6. Be3 Bg7 7. Be2 Nc6 8. Qd2 Ng4 9. Bxg4 Bxg4 10. f3 Bd7 11. 0-0-0 Ne5 12. b3 Qa5 13. Kb1 Rc8 14. Nd5 Qxd2 15. Rxd2 Nc6 16. c4 Nxd4 17. Bxd4 Bxd4 18. Rxd4 b5 19. Rc1 e5 20. Rd2 bxc4 21. Rdc2 Bb5 22. a4 Ba6 23. b4 Kd7 24. b5 Bb7 25. Rxc4 Bxd5 26. exd5 Rxc4 27. Rxc4 Rc8 28. Rxc8 Kxc8 29. g4 a5 30. g5 Kc7 31. Kc2 Kb6 32. Kd3 Kc5 33. Ke4 Kb6 1/2-1/2

[Event "Sucre op 7th"]
[Site "Sucre"]
[Date "2023.12.09"]
[Round "6"]
[White "Martinez, Ariel A"]
[Black "Filipps, Yamil"]
[Result "1-0"]
[WhiteElo "2144"]
[BlackElo "2050"]
[PlyCount "61"]
[EventDate "2023.12.07"]
[EventType "swiss"]
[EventRounds "7"]
[EventCountry "BOL"]
[SourceTitle "CBM 217 Extra"]
[Source "ChessBase"]
[SourceDate "2024.01.31"]
[SourceVersion "1"]
[SourceVersionDate "2024.01.31"]
[SourceQuality "1"]

1. e4 c5 2. Nf3 Nc6 3. d4 cxd4 4. Nxd4 e5 5. Nb5 d6 6. N1c3 a6 7. Na3 Be7 8. Nd5 Nf6 9. Be3 Nxd5 10. exd5 Nd4 11. Bxd4 exd4 12. Qxd4 0-0 13. 0-0-0 Bf6 14. Qb4 b5 15. Bd3 Qb6 16. Nc4 Qxf2 17. Nxd6 Qxg2 18. Rhg1 Qh3 19. Ne4 Qh6+ 20. Kb1 Be5 21. Qe7 f6 22. d6 Bf5 23. d7 Bc7 24. Qc5 Be5 25. Qd5+ Kh8 26. Nd6 Bxd6 27. Qxd6 Bxd3 28. Rxd3 Rfd8 29. Re1 Qh4 30. Rde3 Qh5 31. Qxa6 1-0

[Event "Sucre op 7th"]
[Site "Sucre"]
[Date "2023.12.07"]
[Round "1"]
[White "Arce Jessen, Isabel"]
[Black "Martinez, Ariel A"]
[Result "0-1"]
[WhiteElo "1285"]
[BlackElo "2144"]
[PlyCount "72"]
[EventDate "2023.12.07"]
[EventType "swiss"]
[EventRounds "7"]
[EventCountry "BOL"]
[SourceTitle "CBM 217 Extra"]
[Source "ChessBase"]
[SourceDate "2024.01.31"]
[SourceVersion "1"]
[SourceVersionDate "2024.01.31"]
[SourceQuality "1"]

1. d4 Nf6 2. Nf3 e6 3. Bf4 b6 4. e3 Bb7 5. Bd3 Be7 6. 0-0 0-0 7. Nbd2 c5 8. c3 d5 9. Re1 Ne4 10. Ne5 f6 11. Nef3 Nd7 12. Bc2 g5 13. Bg3 h5 14. h4 Nxg3 15. fxg3 g4 16. Nh2 f5 17. Qb1 Bd6 18. Nhf1 Qf6 19. e4 cxd4 20. exf5 exf5 21. Kh2 dxc3 22. bxc3 Qxh4+ 23. Kg1 Bc5+ 24. Ne3 Qg5 25. Ndf1 Rae8 26. Kh2 Bxe3 27. Nxe3 Rxe3 28. Rxe3 Qxe3 29. Bxf5 Nf6 30. Qe1 Qxe1 31. Rxe1 Re8 32. Rf1 Kg7 33. Bc2 d4 34. cxd4 Re2 35. Bb3 Bxg2 36. Kg1 Bxf1 0-1

[Event "Montero"]
[Site "Montero"]
[Date "2023.11.11"]
[Round "6"]
[White "Almendras, Elias"]
[Black "Martinez, Ariel A"]
[Result "1-0"]
[WhiteElo "1922"]
[BlackElo "2155"]
[PlyCount "57"]
[EventDate "2023.11.09"]
[EventType "tourn"]
[EventRounds "9"]
[EventCountry "BOL"]
[SourceTitle "EXT 2025"]
[Source "ChessBase"]
[SourceDate "2024.10.14"]
[SourceVersion "1"]
[SourceVersionDate "2024.10.14"]
[SourceQuality "1"]

1. e4 c5 2. Nf3 d6 3. d4 cxd4 4. Nxd4 Nf6 5. Nc3 g6 6. Be3 Bg7 7. f3 Nc6 8. Bc4 0-0 9. Bb3 Na5 10. Qd2 Nxb3 11. axb3 Re8 12. 0-0 a6 13. Rfd1 Bd7 14. Qf2 e5 15. Nde2 Bc6 16. Rd2 h6 17. Rad1 Re6 18. Bb6 Qb8 19. Na4 Nd7 20. Nec3 f5 21. Nd5 Bxd5 22. Rxd5 fxe4 23. fxe4 Nf6 24. Nc5 dxc5 25. Rd8+ Kh7 26. Qxc5 Nxe4 27. Qc4 Qxd8 28. Bxd8 Rxd8 29. Rxd8 1-0

[Event "Montero"]
[Site "Montero"]
[Date "2023.11.10"]
[Round "3"]
[White "Martinez, Ariel A"]
[Black "Titichoca Daza, Daniel Henry"]
[Result "0-1"]
[WhiteElo "2155"]
[BlackElo "2157"]
[PlyCount "88"]
[EventDate "2023.11.09"]
[EventType "tourn"]
[EventRounds "9"]
[EventCountry "BOL"]
[SourceTitle "EXT 2025"]
[Source "ChessBase"]
[SourceDate "2024.10.14"]
[SourceVersion "1"]
[SourceVersionDate "2024.10.14"]
[SourceQuality "1"]

1. e4 c5 2. Nf3 e6 3. d4 cxd4 4. Nxd4 Bc5 5. Nb3 Bb6 6. Nc3 Ne7 7. Bc4 0-0 8. 0-0 Nbc6 9. Bf4 f5 10. Bd6 Rf7 11. e5 Ng6 12. Re1 Qh4 13. Qe2 Ncxe5 14. Bb5 Nf4 15. Qf1 Neg6 16. g3 Nh3+ 17. Kh1 Qh6 18. f4 Nf2+ 19. Kg2 Qh3+ 20. Kf3 Qg4+ 21. Kg2 Nh4+ 22. Kg1 Nf3+ 23. Kg2 Nxe1+ 24. Rxe1 a6 25. Bc4 Qh3+ 26. Kf3 Qxh2 27. Nc5 Bxc5 28. Bxc5 b5 29. Bd5 Ne4 30. Nxe4 fxe4+ 31. Bxe4 d5 32. Bd3 Bb7 33. Bd4 Raf8 34. Qg1 Qh3 35. Ke2 Bc8 36. Kd2 Qg4 37. Qh2 Rf5 38. Re5 h6 39. Bxf5 Rxf5 40. Rxf5 Qxf5 41. Qe2 Bd7 42. Be5 Be8 43. Qe3 Bg6 44. Qc5 Qe4 0-1

[Event "Montero"]
[Site "Montero"]
[Date "2023.11.09"]
[Round "1"]
[White "Martinez, Ariel A"]
[Black "Gonzalez Justiniano, Roberto"]
[Result "1-0"]
[WhiteElo "2155"]
[BlackElo "1951"]
[PlyCount "72"]
[EventDate "2023.11.09"]
[EventType "tourn"]
[EventRounds "9"]
[EventCountry "BOL"]
[SourceTitle "EXT 2025"]
[Source "ChessBase"]
[SourceDate "2024.10.14"]
[SourceVersion "1"]
[SourceVersionDate "2024.10.14"]
[SourceQuality "1"]

1. e4 c6 2. d4 d5 3. e5 Bf5 4. g4 Bg6 5. e6 fxe6 6. Bf4 Nf6 7. h4 Qb6 8. b3 Nxg4 9. Bxb8 Nxf2 10. Kxf2 Rxb8 11. Nf3 Bf5 12. Bd3 g6 13. c3 Bg7 14. Bxf5 gxf5 15. Re1 c5 16. Ng5 cxd4 17. Rxe6 Qc7 18. Qh5+ Kd7 19. Rxe7+ Kxe7 20. Qf7+ Kd6 21. Qe6+ Kc5 22. b4+ Kb5 23. Na3+ Ka4 24. Qxd5 Qf4+ 25. Nf3 Qe3+ 26. Kg2 Qe2+ 27. Kh3 Qxf3+ 28. Qxf3 Kxa3 29. cxd4+ Kxb4 30. Qb3+ Ka5 31. Qa3+ Kb6 32. Rb1+ Kc6 33. Qc5+ Kd7 34. Qxf5+ Kd6 35. Qc5+ Ke6 36. Re1+ Kf6 1-0

[Event "La Paz Casa Argentina op"]
[Site "La Paz"]
[Date "2023.07.06"]
[Round "1"]
[White "Yupanqui Zapata, Rodrigo"]
[Black "Martinez, Ariel A"]
[Result "0-1"]
[WhiteElo "1136"]
[BlackElo "2156"]
[PlyCount "47"]
[EventDate "2023.07.06"]
[EventType "swiss"]
[EventRounds "7"]
[EventCountry "BOL"]
[SourceTitle "CBM 215 Extra"]
[Source "ChessBase"]
[SourceDate "2023.09.30"]
[SourceVersion "1"]
[SourceVersionDate "2023.09.30"]
[SourceQuality "1"]

1. e4 c5 2. Nf3 g6 3. d4 cxd4 4. Qxd4 Nf6 5. e5 Nc6 6. Qc3 Nd5 7. Qc4 Nc7 8. Be2 Bg7 9. 0-0 b5 10. Qe4 Rb8 11. Nc3 a6 12. Bf4 0-0 13. Nd5 Ne6 14. Qe3 Nxf4 15. Nxf4 d6 16. exd6 e5 17. Nd3 Qxd6 18. Rad1 Qe6 19. Nc5 Qxa2 20. b3 Nd4 21. Nxe5 Qxc2 22. Qxd4 Qxe2 23. Rfe1 Qh5 24. Ncd7 0-1

[Event "Santa Cruz op 5th"]
[Site "Santa Cruz"]
[Date "2023.02.18"]
[Round "5"]
[White "Martinez, Ariel A"]
[Black "Ferrufino, Boris"]
[Result "1-0"]
[WhiteElo "2142"]
[BlackElo "1926"]
[PlyCount "46"]
[EventDate "2023.02.16"]
[EventType "swiss"]
[EventRounds "7"]
[EventCountry "BOL"]
[SourceTitle "CBM 212 Extra"]
[Source "ChessBase"]
[SourceDate "2023.03.31"]
[SourceVersion "1"]
[SourceVersionDate "2023.03.31"]
[SourceQuality "1"]

1. e4 c5 2. Nf3 Nc6 3. d4 cxd4 4. Nxd4 Nf6 5. Nc3 e5 6. Ndb5 d6 7. Nd5 Nxd5 8. exd5 Nb8 9. a4 Be7 10. Be3 f5 11. f4 0-0 12. a5 a6 13. Bb6 axb5 14. Bxd8 Bxd8 15. c3 Rxa5 16. Rxa5 Bxa5 17. Bxb5 Bb6 18. Qa4 Na6 19. Bxa6 bxa6 20. Qc6 Be3 21. Qxd6 Re8 22. Qc6 Kf8 23. d6 Rd8 1-0

[Event "Santa Cruz op 5th"]
[Site "Santa Cruz"]
[Date "2023.02.16"]
[Round "2"]
[White "Coro, Soledad"]
[Black "Martinez, Ariel A"]
[Result "0-1"]
[WhiteElo "1618"]
[BlackElo "2142"]
[PlyCount "67"]
[EventDate "2023.02.16"]
[EventType "swiss"]
[EventRounds "7"]
[EventCountry "BOL"]
[SourceTitle "CBM 212 Extra"]
[Source "ChessBase"]
[SourceDate "2023.03.31"]
[SourceVersion "1"]
[SourceVersionDate "2023.03.31"]
[SourceQuality "1"]

1. c4 Nf6 2. Nc3 g6 3. g3 Bg7 4. Bg2 d6 5. Nf3 0-0 6. 0-0 c6 7. d4 Qc7 8. e4 Nbd7 9. Rb1 e5 10. b3 Re8 11. Bb2 exd4 12. Nxd4 Nc5 13. Qc2 a5 14. Rfe1 h5 15. Rbd1 h4 16. Bc1 Ng4 17. h3 Nf6 18. gxh4 a4 19. Bf4 Nh5 20. Bh2 axb3 21. axb3 Be5 22. Bxe5 dxe5 23. Nf3 Nf4 24. b4 Nce6 25. Ne2 Ra3 26. Nxf4 Nxf4 27. Re3 Ra8 28. Nh2 Qe7 29. b5 Qxh4 30. bxc6 bxc6 31. Qb2 Qh5 32. Rd6 Bxh3 33. Bxh3 Nxh3+ 34. Kg2 0-1

[Event "Santa Cruz Dario Cup"]
[Site "Santa Cruz"]
[Date "2022.08.27"]
[Round "5"]
[White "Martinez, Ariel A"]
[Black "Cueto Chajtur, Johny"]
[Result "1-0"]
[WhiteElo "2120"]
[BlackElo "2183"]
[PlyCount "84"]
[EventDate "2022.08.26"]
[EventType "swiss"]
[EventRounds "7"]
[EventCountry "BOL"]
[SourceTitle "CBM 210 Extra"]
[Source "ChessBase"]
[SourceDate "2022.11.30"]
[SourceVersion "1"]
[SourceVersionDate "2022.11.30"]
[SourceQuality "1"]

1. e4 d6 2. Nf3 Nf6 3. Nc3 e5 4. Bc4 Be7 5. d3 c6 6. 0-0 0-0 7. h3 b5 8. Bb3 a5 9. a3 Na6 10. Ne2 Nc5 11. Ba2 Be6 12. Ng3 g6 13. Be3 Bxa2 14. Bxc5 dxc5 15. Rxa2 Qd6 16. Qe2 Ne8 17. Raa1 Ng7 18. c3 Ne6 19. Rfd1 Rfd8 20. Qf1 Bf6 21. Ne2 Ra7 22. a4 Qb8 23. axb5 cxb5 24. Ne1 a4 25. Nc2 Rad7 26. Ne3 Nc7 27. f4 Rxd3 28. Ng4 Rxd1 29. Nxf6+ Kg7 30. Rxd1 Rxd1 31. Qxd1 Kxf6 32. Qd6+ Kg7 33. Qxe5+ Kg8 34. f5 Qb6 35. Nf4 b4 36. Nd5 Nxd5 37. exd5 a3 38. f6 h5 39. Qe8+ Kh7 40. Qxf7+ Kh6 41. h4 Qxf6 42. Qxf6 axb2 1-0

[Event "BOL-ch"]
[Site "Santa Cruz"]
[Date "2022.05.21"]
[Round "6"]
[White "Titichoca Daza, Daniel Henry"]
[Black "Martinez, Ariel A"]
[Result "1-0"]
[WhiteElo "2189"]
[BlackElo "2165"]
[PlyCount "75"]
[EventDate "2022.05.18"]
[EventType "tourn"]
[EventRounds "9"]
[EventCountry "BOL"]
[SourceTitle "EXT 2023"]
[Source "ChessBase"]
[SourceDate "2022.10.05"]
[SourceVersion "1"]
[SourceVersionDate "2022.10.05"]
[SourceQuality "1"]

1. e4 c5 2. Nf3 g6 3. d4 cxd4 4. Nxd4 Nf6 5. Nc3 d6 6. Be3 Nc6 7. f3 Bg7 8. Bc4 0-0 9. Qd2 Bd7 10. g4 Rc8 11. Be2 Ne5 12. h4 h5 13. gxh5 Nxh5 14. Rg1 Nc4 15. Bxc4 Rxc4 16. 0-0-0 Kh7 17. Nde2 Be6 18. Bd4 Bh6 19. Be3 Bg7 20. Bd4 Rxd4 21. Nxd4 Bh6 22. Rg5 Bc8 23. Kb1 Bxg5 24. hxg5 a6 25. Rh1 e5 26. Nf5 gxf5 27. Rxh5+ Kg7 28. Rh6 f4 29. Qh2 Qxg5 30. Rh7+ Kg6 31. Qh1 f5 32. b3 Rf7 33. Rh2 Qg3 34. Rh6+ Kg7 35. Rh7+ Kf8 36. Rh8+ Ke7 37. Rxc8 Kd7 38. Qh8 1-0

[Event "BOL-ch"]
[Site "Santa Cruz"]
[Date "2022.05.19"]
[Round "2"]
[White "Gemy Vargas, Jose Daniel"]
[Black "Martinez, Ariel A"]
[Result "1-0"]
[WhiteElo "2367"]
[BlackElo "2165"]
[PlyCount "65"]
[EventDate "2022.05.18"]
[EventType "tourn"]
[EventRounds "9"]
[EventCountry "BOL"]
[SourceTitle "EXT 2023"]
[Source "ChessBase"]
[SourceDate "2022.10.05"]
[SourceVersion "1"]
[SourceVersionDate "2022.10.05"]
[SourceQuality "1"]

1. Nf3 c5 2. e4 g6 3. c3 Bg7 4. d4 cxd4 5. cxd4 Nf6 6. Bd3 0-0 7. Nc3 d6 8. h3 Nc6 9. Be3 d5 10. e5 Nd7 11. Bc2 Nb6 12. 0-0 Be6 13. Ng5 Qd7 14. Nxe6 Qxe6 15. f4 f5 16. Qf3 Na5 17. Rae1 Rac8 18. Re2 Qd7 19. g4 e6 20. h4 Nbc4 21. Bc1 Nc6 22. Rd1 Qd8 23. b3 Nb6 24. h5 Qh4 25. gxf5 gxf5 26. Nb5 Bh6 27. Rh2 Qe7 28. Ba3 Nb4 29. Nxa7 Ra8 30. Qc3 Nxa2 31. Qa5 Nc8 32. Bxe7 Rxa7 33. Bxf8 1-0

[Event "BOL-ch"]
[Site "Santa Cruz"]
[Date "2022.05.19"]
[Round "3"]
[White "Martinez, Ariel A"]
[Black "Mendoza, Rodrigo"]
[Result "0-1"]
[WhiteElo "2165"]
[BlackElo "2166"]
[PlyCount "58"]
[EventDate "2022.05.18"]
[EventType "tourn"]
[EventRounds "9"]
[EventCountry "BOL"]
[SourceTitle "EXT 2023"]
[Source "ChessBase"]
[SourceDate "2022.10.05"]
[SourceVersion "1"]
[SourceVersionDate "2022.10.05"]
[SourceQuality "1"]

1. d4 d5 2. Nf3 Nf6 3. c4 c6 4. Nc3 dxc4 5. e4 b5 6. Qc2 Bb7 7. a4 a6 8. Be2 e6 9. 0-0 Nbd7 10. Rd1 Be7 11. Bg5 0-0 12. e5 Nd5 13. Ne4 h6 14. Bxe7 Qxe7 15. Nfd2 c5 16. Nd6 Bc6 17. b3 cxd4 18. bxc4 Nc3 19. Nb3 Nxd1 20. Qxd1 Nxe5 21. Qxd4 Qg5 22. g3 Nxc4 23. Bxc4 bxc4 24. Nxc4 Rfd8 25. Qc3 Qd5 26. Kf1 Rab8 27. Ncd2 Qd3+ 28. Qxd3 Rxd3 29. Na5 Rxd2 0-1

[Event "BOL-ch"]
[Site "Santa Cruz"]
[Date "2021.12.19"]
[Round "9"]
[White "Martinez, Ariel A"]
[Black "Ticona Rocabado, Licael Roderick"]
[Result "0-1"]
[WhiteElo "2153"]
[BlackElo "1915"]
[PlyCount "102"]
[EventDate "2021.12.15"]
[EventType "tourn"]
[EventRounds "9"]
[EventCountry "BOL"]
[SourceTitle "CBM 205 Extra"]
[Source "ChessBase"]
[SourceDate "2022.01.31"]
[SourceVersion "1"]
[SourceVersionDate "2022.01.31"]
[SourceQuality "1"]

1. d4 e6 2. Nf3 d5 3. g3 Nf6 4. Bg2 Be7 5. c4 0-0 6. 0-0 c6 7. Nc3 Nbd7 8. Qc2 Re8 9. e4 dxe4 10. Nxe4 Nxe4 11. Qxe4 Nf6 12. Qc2 Qc7 13. b3 b6 14. Bb2 Bb7 15. Rad1 Rad8 16. a3 c5 17. dxc5 bxc5 18. Be5 Qb6 19. Rxd8 Rxd8 20. Rd1 h6 21. Rxd8+ Qxd8 22. Ne1 Bxg2 23. Nxg2 Qa5 24. Bb2 Qb6 25. f3 Qc6 26. Kf2 Ne8 27. Nf4 Nd6 28. Qd3 Nf5 29. Ne2 Bg5 30. g4 Be3+ 31. Ke1 Qxf3 32. Kd1 Qxg4 33. b4 Qf3 34. Kc2 Qg2 35. Kb3 Qxh2 36. Ka4 Qc7 37. Bc3 h5 38. Qe4 Qd7+ 39. Kb3 Qd1+ 40. Qc2 Qxc2+ 41. Kxc2 f6 42. Kd3 h4 43. Ke4 h3 44. Kf3 g5 45. Ng3 Nxg3 46. Kxg3 g4 47. Be1 Bf4+ 48. Kf2 g3+ 49. Kf3 g2 50. Bf2 Bh2 51. Bxc5 g1Q 0-1

[Event "BOL-ch"]
[Site "Santa Cruz"]
[Date "2021.12.17"]
[Round "5"]
[White "Ramirez, Maria Eugenia"]
[Black "Martinez, Ariel A"]
[Result "1/2-1/2"]
[WhiteElo "2072"]
[BlackElo "2153"]
[PlyCount "48"]
[EventDate "2021.12.15"]
[EventType "tourn"]
[EventRounds "9"]
[EventCountry "BOL"]
[SourceTitle "CBM 205 Extra"]
[Source "ChessBase"]
[SourceDate "2022.01.31"]
[SourceVersion "1"]
[SourceVersionDate "2022.01.31"]
[SourceQuality "1"]

1. c4 f5 2. Nc3 Nf6 3. g3 d6 4. Bg2 e5 5. d3 c6 6. e4 a5 7. Nge2 g6 8. 0-0 Bg7 9. exf5 Bxf5 10. d4 0-0 11. Qb3 Rf7 12. c5 Na6 13. cxd6 Qxd6 14. dxe5 Qxe5 15. Bf4 Qe6 16. Qb6 Bd3 17. Rfe1 Nb4 18. Nd4 Qc8 19. Ne6 Nc2 20. Ng5 Nxa1 21. Nxf7 Nd7 22. Qe3 Nc2 23. Nh6+ Kh8 24. Qe6 Nc5 1/2-1/2

[Event "BOL-ch"]
[Site "Santa Cruz"]
[Date "2021.12.16"]
[Round "2"]
[White "Martinez, Ariel A"]
[Black "Cueto Chajtur, Johny"]
[Result "1-0"]
[WhiteElo "2153"]
[BlackElo "2241"]
[PlyCount "49"]
[EventDate "2021.12.15"]
[EventType "tourn"]
[EventRounds "9"]
[EventCountry "BOL"]
[SourceTitle "CBM 205 Extra"]
[Source "ChessBase"]
[SourceDate "2022.01.31"]
[SourceVersion "1"]
[SourceVersionDate "2022.01.31"]
[SourceQuality "1"]

1. Nf3 d6 2. d4 Nf6 3. c4 g6 4. g3 Bg7 5. Bg2 0-0 6. Nc3 c5 7. 0-0 Nc6 8. d5 Na5 9. Qd3 a6 10. e4 b5 11. cxb5 axb5 12. Nxb5 Ba6 13. a4 Qb8 14. b4 cxb4 15. Rb1 Bxb5 16. axb5 Nb7 17. Rxb4 Nc5 18. Qc2 Rc8 19. Nd4 Na6 20. bxa6 Qxb4 21. Nc6 Rxc6 22. Qxc6 Qb8 23. Be3 Ng4 24. a7 Qf8 25. Rb1 1-0

[Event "BOL-ch"]
[Site "Santa Cruz"]
[Date "2021.12.16"]
[Round "3"]
[White "Titichoca Daza, Daniel Henry"]
[Black "Martinez, Ariel A"]
[Result "1-0"]
[WhiteElo "2112"]
[BlackElo "2153"]
[PlyCount "95"]
[EventDate "2021.12.15"]
[EventType "tourn"]
[EventRounds "9"]
[EventCountry "BOL"]
[SourceTitle "CBM 205 Extra"]
[Source "ChessBase"]
[SourceDate "2022.01.31"]
[SourceVersion "1"]
[SourceVersionDate "2022.01.31"]
[SourceQuality "1"]

1. e4 e5 2. Nf3 Nf6 3. Nc3 Nc6 4. Bb5 a6 5. Bxc6 dxc6 6. Nxe5 Nxe4 7. Nxe4 Qd5 8. 0-0 Qxe5 9. Re1 Be6 10. d4 Qf5 11. Bg5 h6 12. Qd3 Kd7 13. Bh4 Re8 14. c4 Kc8 15. Rac1 Qa5 16. a3 f5 17. Nc3 g5 18. Re5 Qxe5 19. dxe5 Rd8 20. Qe2 gxh4 21. Qh5 Bc5 22. Qg6 Bxc4 23. Qxf5+ Kb8 24. Ne4 Bb6 25. Nf6 Ka7 26. Nd7 Bd5 27. Nxb6 cxb6 28. f3 Rhg8 29. Kf2 Rg5 30. Qf6 Rdg8 31. Rg1 R8g6 32. Qh8 Rg8 33. Qf6 R8g6 34. Qf4 Re6 35. Re1 Reg6 36. g3 hxg3+ 37. hxg3 c5 38. g4 h5 39. e6 hxg4 40. e7 gxf3 41. e8Q Rg2+ 42. Ke3 Re6+ 43. Qxe6 Bxe6 44. Rd1 Bb3 45. Rd8 a5 46. a4 Bxa4 47. Qxa4 Rxb2 48. Kxf3 1-0